| 000 | 00361nam a2200145 a 4500 | ||
|---|---|---|---|
| 008 | 991220s1998||||xx 0 und c | ||
| 020 |
_a8085866307 _cdar |
||
| 040 |
_aSNK _bslo _cSNK _eAACR2 |
||
| 100 | 1 | _aDvořáček, Jan | |
| 245 | 1 | 0 | _aUrologie III. díl |
| 260 |
_aPraha _bISV nakladatelství _c1998 |
||
| 300 | _a1772 s. | ||
| 044 |
_axo _cSK |
||
| 041 | _aslo | ||
| 999 |
_c19947 _d19947 |
||